| 000 | 00797 a2200265 4500 | ||
|---|---|---|---|
| 003 | Nust | ||
| 005 | 20230223121139.0 | ||
| 020 | _a1-56363-251-9 | ||
| 022 | _a0093-4461 (hela verket) | ||
| 040 | _cNust | ||
| 082 | _a610,ARK | ||
| 245 | 0 | 0 | _aPhysicians' desk reference / |
| 250 | _a52 ed. | ||
| 260 |
_aOradell, N.J. : _bMedical Economics, _cCop. 1998 |
||
| 300 | _a3223 s. | ||
| 650 | 7 |
_aBiological products: catalogs _9109520 |
|
| 650 | 7 |
_aBiological products: catalogs _9109520 |
|
| 650 | 7 |
_aCatalogs, drug _9109521 |
|
| 650 | 7 |
_aCatalogs, drug _9109521 |
|
| 650 | 7 |
_aDrugs _xHandbooks, manuals, etc. _9109522 |
|
| 650 | 7 |
_aDrugs _xPrescribing _xHandbooks, manuals, etc. _9109523 |
|
| 650 | 7 |
_aDrugs: dictionaries _9109524 |
|
| 650 | 7 |
_aDrugs: dictionaries _9109524 |
|
| 942 |
_cENC _2ddc |
||
| 999 |
_c193637 _d193637 |
||